Literárne leto knižnice otvorí festival Mesiac autorského čítania

Podrobná bibliografia
Médium: Článok
Jazyk:slovenčina
Fyzický popis:Fotogr.
ISSN:1338-659X
Predmet:
On-line prístup:https://kosice.korzar.sme.sk/c/20572109/literarne-leto-kniznice-otvori-festival-mesiac-autorskeho-citania.html#axzz4ll7emj2o

MARC

LEADER 00000nab a2200000 a 4500
001 vtls011700361
003 SK-MaSNL
005 20260304113402.0
008 170703c20170701xo drz 0 0slo
038 |a KEVKJB 
040 |a KEVKJB  |b slo  |c KEVKJB  |e AACR2 
041 0 |a slo 
044 |a xo  |c SK 
080 |a 027.625  |2 2011 
245 0 0 |a Literárne leto knižnice otvorí festival Mesiac autorského čítania  |c [autor] (mal) 
300 |b Fotogr. 
610 2 7 |a Knižnica pre mládež mesta Košice  |2 kevkjb  |9 32636 
611 2 7 |a Mesiac autorského čítania  |d (2017 :  |c Košice, Slovensko)  |2 kevkjb  |9 1416646 
650 0 7 |a čítanie  |2 kevkjb  |9 1654 
651 7 |a Košice (Slovensko)  |2 kevkjb  |9 18694 
773 0 |t Korzár : denník Košického kraja  |g Roč. XX., č. 152 (1.7.2017), s. 5  |x 1338-659X 
852 |a KEVKJB  |b KIS3GCP 
856 4 1 |u https://kosice.korzar.sme.sk/c/20572109/literarne-leto-kniznice-otvori-festival-mesiac-autorskeho-citania.html#axzz4ll7emj2o 
958 |a KL 
999 |c 2869127  |d 2871057